00451nam a2200157 a 45000010005000000030009000050080041000140400028000550820015000831000021000982450098001192600030002173000015002474900016002626500015002783770CO-ViMGA141112s2004 ck r 000 u spa d aCO-ViMGAbspacCO-ViMGA04a304.6 J1261 aJacquard, Albert10aLa explosión demográfica : buna exposición para comprender, un ensayo para reflexionar aMadrid : bDebate, c1993 a123 p : il aDominó, 414aDEMOGRAFIA